• 首页
  • 本馆介绍
  • 公告通知
  • 最新文献
  • 馆藏检索
  • 电子资源
  • 读者导购
  • 参考咨询
  • 我的图书馆
  • 登录
  • 详细信息显示
  • 放入我的书架
  • 预约/预借图书
  • 作者相关作品
  • 分类相关作品
  • 丛书相关作品
  • 出版社相关作品

书目信息

  • 表格格式
  • 工作单格式
  • 卡片格式
题名:
过失犯罪证据调查与运用
    
 
作者: 李文燕 主编
分册:  
出版信息: 北京   中国人民公安大学出版社  2002
页数: 329页
开本: 21cm
丛书名: 刑事案件证据调查与运用丛书
单 册:
中图分类: D925.213.4 , D924.114
科图分类:
主题词: 过失(法律)--刑事犯罪--证据--调查--中国 , CT--S029448--过失(法律) , CT--S083734--刑事犯罪 , CT--S094846--证据
电子资源:
ISBN: 7-81059-906-2
000 01125nam2 2200325 450
001 073000001190
005 20091019155123.68
010    @a7-81059-906-2@dCNY22.00
035    @a(011001)c2002042872
100    @a20040204d em y0chiy0110 ea
101 0  @achi
102    @aCN@b110000
105    @ay zn 000yy
200 1  @a过失犯罪证据调查与运用@Aguo shi fan zui zheng ju diao cha yu yun yong@f李文燕主编@Fli wen yan zhu bian
210    @a北京@c中国人民公安大学出版社@d2002
215    @a329页@d21cm
225 2  @a刑事案件证据调查与运用丛书
330    @a本书内容包括:概述、过失投毒罪、过失决水罪、过失爆炸罪、失火罪、交通肇事罪、重大责任事故罪、过失泄露国家秘密罪等。
410  0 @12001 @a刑事案件证据调查与运用丛书
461  0 @12001 @a刑事案件证据调查与运用丛书
606 0  @a过失(法律)@x刑事犯罪@x证据@x调查@y中国
606 0  @2CT@3S029448@a过失(法律)
606 0  @2CT@3S083734@a刑事犯罪
606 0  @2CT@3S094846@a证据
690    @aD925.213.4@v4
690    @aD924.114@v4
701  0 @a李文燕@Ali wen yan@4主编
801  0 @aCN@bNLC@c20091019
905    @aBZT@dD925.213.4@e2
906    @dCNY22.00@n0@r1
    
    过失犯罪证据调查与运用/李文燕主编.-北京:中国人民公安大学出版社,2002
    329页;21cm.-(刑事案件证据调查与运用丛书)
    
    
    ISBN 7-81059-906-2:CNY22.00
    本书内容包括:概述、过失投毒罪、过失决水罪、过失爆炸罪、失火罪、交通肇事罪、重大责任事故罪、过失泄露国家秘密罪等。
●
相关链接 在五车中查询图书 在当当中查询图书 在豆瓣中查询图书


正题名:过失犯罪证据调查与运用     索取号:D925.213.4/2         预约/预借

序号 登录号 条形码 馆藏地/架位号 状态 备注
1 413496   210417896   中心书库南/014架A面4层7列/ [索取号:D925.213.4/2] 在馆    
2 413497   210417887   中心书库南/014架A面4层7列/ [索取号:D925.213.4/2] 在馆    
3 413498   210417878   中心书库南/014架A面4层7列/ [索取号:D925.213.4/2] 在馆    
4 413499   210417869   中心书库南/014架A面4层7列/ [索取号:D925.213.4/2] 在馆    
5 413500   210417967   中心书库南/014架A面4层7列/ [索取号:D925.213.4/2] 在馆    
6 413501   210417949   中心书库南/014架A面4层7列/ [索取号:D925.213.4/2] 在馆    
7 413502   210417930   中心书库南/014架A面4层7列/ [索取号:D925.213.4/2] 在馆    
8 413503   210417921   中心书库南/014架A面4层7列/ [索取号:D925.213.4/2] 在馆    
9 413504   210417912   中心书库南/014架A面4层7列/ [索取号:D925.213.4/2] 在馆    
10 413505   210417903   中心书库南/014架A面4层7列/ [索取号:D925.213.4/2] 在馆    
山东省滨州职业学院图书馆 欢迎您!
大连网信软件有限公司© 版权所有